| 000 | 00506nam a2200181Ia 4500 | ||
|---|---|---|---|
| 999 |
_c3497 _d3497 |
||
| 003 | OSt | ||
| 005 | 20200819101543.0 | ||
| 008 | 190216s9999||||xx |||||||||||||| ||und|| | ||
| 020 | _a9788176494236 | ||
| 040 | _coclc | ||
| 082 |
_a541.28 _bMCQ/Q |
||
| 100 |
_aMcquarrie, Donald A _94205 |
||
| 245 | 0 |
_aQuantum Chemistry / _cDonald A Mcquarrie |
|
| 260 |
_bViva Books, _c2007. _aNew Delhi: |
||
| 300 | _a517p | ||
| 650 | _aChemistry | ||
| 942 |
_cBK _2ddc _h541.28 _iMCQ/Q _k541.28 _mMCQ/Q |
||